[Event "Marseille op 4th"]
[Site "Marseille"]
[Date "2011.12.26"]
[Round "1"]
[White "Crouzet, Emeric"]
[Black "Vauchelle, Stephane"]
[Result "1-0"]
[WhiteElo "1925"]
[BlackElo "1499"]
[PlyCount "23"]
[EventDate "2011.12.26"]
[EventType "swiss"]
[EventRounds "9"]
[EventCountry "FRA"]
[SourceTitle "CBM 146 Extra"]
[Source "ChessBase"]
[SourceDate "2012.02.29"]
[SourceVersion "1"]
[SourceVersionDate "2012.02.29"]
[SourceQuality "1"]

1. d4 d5 2. c4 e5 3. dxe5 d4 4. Nf3 Nc6 5. a3 a5 6. Nbd2 Bc5 7. b3 Qe7 8. Bb2 Bg4 9. b4 Bxf3 10. gxf3 axb4 11. axb4 Bxb4 12. Rxa8+ 1-0

[Event "Marseille op 4th"]
[Site "Marseille"]
[Date "2011.12.26"]
[Round "2"]
[White "Vauchelle, Stephane"]
[Black "Desmas, William"]
[Result "1/2-1/2"]
[WhiteElo "1499"]
[BlackElo "1728"]
[PlyCount "39"]
[EventDate "2011.12.26"]
[EventType "swiss"]
[EventRounds "9"]
[EventCountry "FRA"]
[SourceTitle "CBM 146 Extra"]
[Source "ChessBase"]
[SourceDate "2012.02.29"]
[SourceVersion "1"]
[SourceVersionDate "2012.02.29"]
[SourceQuality "1"]

1. e4 e6 2. Nc3 d5 3. exd5 exd5 4. d4 Nf6 5. Bd3 Bg4 6. Nge2 c6 7. a4 Bd6 8. h3 Bh5 9. 0-0 Bc7 10. Qe1 0-0 11. Be3 Qd6 12. Ng3 Bg6 13. Bxg6 hxg6 14. Nce2 Re8 15. Qc1 Nh5 16. Re1 Qf6 17. Nxh5 gxh5 18. Qd2 Nd7 19. Bg5 Qg6 20. Rad1 1/2-1/2